Top des 100 films français au box office mondial. - Statistiques

Statistiques générales
  • Ce quiz a été pris 210 fois
    117 depuis la dernière actualisation
  • Le résultat moyen est 30 sur 100
Statistiques - réponses
Classement au Box Office Monde Réalisateur Tête d'affiche Film % Correct
2 426,588,510 $ 2011 Olivier Nakache et Eric Toledano François Cluzet Intouchables
84%
6 245 144 417 $ 2008 Dany Boon Dany Boon Bienvenue chez les Ch'tis
79%
53 55 905 197 $ 2012 Laurent Tirard Gérard Depardieu Astérix & Obélix - Au service de Sa Majesté
74%
19 101 644 060 $ 1999 Claude Zidi Gérard Depardieu Astérix & Obélix contre César
74%
69 44 600 000 $ 2023 Guillaume Canet Guillaume Canet Astérix & Obélix - L'Empire du milieu
74%
17 110 989 615 $ 2002 Alain Chabat Gérard Depardieu Astérix & Obélix - Mission Cléopâtre
74%
12 131 856 927 $ 2008 Frédéric Forestier et Thomas Langmann Gérard Depardieu Astérix aux Jeux olympiques
74%
88 34 890 935 $ 2014 Louis Clichy et Alexandre Astier - Astérix - Le Domaine des Dieux
74%
67 46 903 854 $ 2018 Louis Clichy et Alexandre Astier - Astérix - Le Secret de la potion magique
74%
9 174,122,191 $ 2001 Jean-Pierre Jeunet Audrey Tautou Le Fabuleux Destin d'Amélie Poulain
70%
26 86 139 553 $ 2024 Artus Artus Un p'tit truc en plus
65%
28 84 423 353 $ 2019 Philippe de Chauveron Christian Clavier Qu'est-ce qu'on a encore fait au Bon Dieu ?
64%
10 156 224 438 $ 2014 Philippe de Chauveron Christian Clavier Qu'est-ce qu'on a fait au Bon Dieu ?
64%
1 469,058,574 $ 2014 Luc Besson Scarlett Johansson Lucy
63%
11 133 432 856 $ 2011 Michel Hazanavicius Jean Dujardin The Artist
62%
70 44 486 269 $ 1998 Gérard Pirès Samy Naceri Taxi
60%
46 64 433 844 $ 2000 Gérard Krawczyk Samy Naceri Taxi 2
60%
45 64 497 208 $ 2003 Gérard Krawczyk Samy Naceri Taxi 3
60%
43 65 114 802 $ 2007 Gérard Krawczyk Samy Naceri Taxi 4
60%
79 42 000 000 $ 2018 Franck Gastambide Franck Gastambide Taxi 5
60%
36 72 205 844 $ 2024 Alexandre de La Patellière et Matthieu Delaporte Pierre Niney Le Comte de Monte-Cristo (2024 version)
56%
98 32 529 174 $ 2016 Olivier Baroux Jean-Paul Rouve Les Tuche 2 : Le Rêve américain
54%
65 47 427 990 $ 2018 Olivier Baroux Jean-Paul Rouve Les Tuche 3
54%
21 98 755 038 $ 1993 Jean-Marie Poiré Christian Clavier Les Visiteurs
54%
29 83 897 719 $ 2006 Patrice Leconte Josiane Balasko Les Bronzés 3 - Amis pour la vie
52%
30 83 580 170 $ 2004 Christophe Barratier Gérard Jugnot Les Choristes
49%
54 54 045 072 $ 1998 Jean-Marie Poiré Christian Clavier Les Couloirs du temps - Les Visiteurs II
49%
7 226,837,760 $ 2008 Pierre Morel Liam Neeson Taken
48%
3 376 141 306 $ 2012 Olivier Megaton Liam Neeson Taken 2
48%
4 326 479 141 $ 2015 Olivier Megaton Liam Neeson Taken 3
48%
5 263 920 180 $ 1997 Luc Besson Bruce Willis Le Cinquième Element
47%
44 65 094 084 $ 2014 Éric Lartigau Louane La Famille Bélier
46%
86 36 026 558 $ 2006 Fabien Onteniente Franck Dubosc Camping
45%
92 33 857 735 $ 2010 Fabien Onteniente Franck Dubosc Camping 2
45%
25 86 272 869 $ 2007 Olivier Dahan Marion Cotillard La Môme
38%
55 53,319,615 $ 2010 Guillaume Canet François Cluzet Les Petits Mouchoirs
38%
42 65 434 960 $ 1998 Francis Veber Thierry Lhermitte Le Dîner de cons
37%
73 43 928 932 $ 2002 Louis Leterrier et Corey Yuen Jason Statham Le Transporteur
36%
15 120 066 587 $ 2002 Roman Polanski Adrien Brody Le Pianiste
35%
57 51 133 824 $ 2009 Luc Besson - Arthur et la Vengeance de Maltazard
34%
16 113 022 170 $ 2006 Luc Besson - Arthur et les Minimoys
34%
71 44 460 000 $ 1995 Didier Bourdon et Bernard Campan Didier Bourdon Les Trois Frères
34%
27 85 044 191 $ 2005 Louis Leterrier Jason Statham Le Transporteur 2
27%
18 102 301 209 $ 2008 Olivier Megaton Jason Statham Le Transporteur 3
27%
95 33 026 616 $ 2005 James Huth Jean Dujardin Brice de Nice
26%
35 72 629 670 $ 2015 Camille Delamarre Ed Skrein Le Transporteur : Héritage
26%
64 48 389 454 $ 2012 Alain Chabat Jamel Debbouze Sur la piste du Marsupilami
26%
99 32 482 020 $ 2013 Pierre-François Martin-Laval Christian Clavier Les Profs
25%
24 88 000 000 $ 2011 Dany Boon Dany Boon Rien à déclarer
25%
8 225,973,340 $ 2017 Luc Besson Dane DeHaan Valérian et la Cité des mille planètes
25%
63 49 486 272 $ 2018 Dany Boon Dany Boon La Ch'tite famille
24%
96 32 751 865 $ 2008 Lisa Azuelos Sophie Marceau LOL (Laughing Out Loud)
23%
93 33 465 278 $ 2023 Philippe Lacheau Philippe Lacheau Alibi.com 2
22%
74 42 700 000 $ 2001 Thomas Gilou Richard Anconina La Vérité si je mens ! 2
22%
81 40 924 982 $ 2012 Thomas Gilou Richard Anconina La Vérité si je mens ! 3
22%
84 36 414 032 $ 2018 Gilles Lellouche Mathieu Amalric Le Grand Bain
20%
38 70 497 787 $ 1994 Hervé Palud Patrick Timsit Un Indien dans la ville
20%
41 66 976 317 $ 1999 Luc Besson Milla Jovovich Jeanne d'Arc
19%
85 36 360 000 $ 2017 Dany Boon Dany Boon Raid Dingue
18%
66 47 347 302 $ 2010 Pascal Chaumeil Romain Duris L'Arnacœur
16%
68 45 290 926 $ 1995 Josiane Balasko Victoria Abril Gazon maudit
15%
97 32 652 608 $ 2015 Arthur Benzaquen Kev Adams Les Nouvelles Aventures d'Aladin
15%
61 50 160 446 $ 2014 Dany Boon Dany Boon Supercondriaque
14%
51 59 408 289 $ 2009 Laurent Tirard Valérie Lemercier Le Petit Nicolas
13%
34 76 640 257 $ 2004 Jean-Pierre Jeunet Audrey Tautou Un long dimanche de fiançailles
13%
76 42 403 014 $ 2002 François Ozon Catherine Deneuve 8 femmes
11%
33 77 153 487 $ 1986 Jean-Jacques Annaud Sean Connery Le Nom de la rose
11%
39 70 332 956 $ 2001 Christophe Gans Samuel Le Bihan Le Pacte des loups
11%
32 78 418 811 $ 2013 Luc Besson Robert De Niro Malavita
10%
37 72 104 816 $ 2008 Mathieu Kassovitz Vin Diesel Babylon A.D.
9%
13 127 368 033 $ 2005 Luc Jacquet - La Marche de l'Empereur
9%
60 50 500 010 $ 2000 Mathieu Kassovitz Jean Reno Les Rivières pourpres
9%
83 40 152 148 $ 2004 Olivier Dahan Jean Reno Les Rivières pourpres 2 : Les Anges de l'apocalypse
9%
50 60 121 825 $ 2010 Roman Polanski Ewan McGregor The Ghost Writer
9%
20 100 000 000 $ 1974 Just Jaeckin Sylvia Kristel Emmanuelle
8%
82 40 540 000 $ 1995 Jean-Marie Poiré Gérard Depardieu Les Anges gardiens
8%
49 60 965 854 $ 2011 Olivier Megaton Zoe Saldaña Colombiana
7%
58 50,871,113 $ 2005 Louis Leterrier Jet Li Danny the Dog
7%
72 44 442 536 $ 2016 Hugo Gélin Omar Sy Demain tout commence
7%
48 62 170 875 $ 2004 Jean-Jacques Annaud Guy Pearce Deux Frères
7%
77 42 164 457 $ 2014 Christophe Gans Vincent Cassel La Belle et la Bête
7%
52 58 271 973 $ 1999 Roman Polanski Johnny Depp La Neuvième Porte
7%
62 50 109 423 $ 2001 Francis Veber Daniel Auteuil Le Placard
7%
91 34 051 868 $ 2010 Luc Besson Louise Bourgoin Les Aventures extraordinaires d'Adèle Blanc-Sec
7%
94 33 031 984 $ 1996 Jaco van Dormael Daniel Auteuil Le Huitième Jour
5%
87 35 686 881 $ 2013 Nicolas Vanier Félix Bossuet Belle et Sébastien
4%
40 68 858 687 $ 2014 Camille Delamarre Paul Walker Brick Mansions
4%
59 50 807 694 $ 2009 Anne Fontaine Audrey Tautou Coco avant Chanel
4%
47 64 426 196 $ 2001 Chris Nahon Jet Li Le Baiser mortel du dragon
4%
78 42 148 267 $ 2010 Xavier Beauvois Lambert Wilson Des hommes et des dieux
3%
56 52 826 594 $ 2010 Pierre Morel John Travolta From Paris with Love
3%
100 32 300 000 $ 1995 Étienne Chatiliez Michel Serrault Le Bonheur est dans le pré
3%
14 125,837,070 $ 2015 Jean-Jacques Annaud Féng Shào-Fēng Le Dernier Loup
3%
23 95 924 006 $ 2015 Mark Osborne - Le Petit Prince
3%
31 82 651 439 $ 2009 Jacques Perrin et Jacques Cluzaud - Océans
3%
89 34 715 737 $ 2012 David Charhon Omar Sy De l'autre côté du périph
2%
22 96 386 525 $ 2016 Eric Summer et Eric Warin - Ballerina
1%
75 42 487 287 $ 2005 Roman Polanski Barney Clark Oliver Twist
1%
80 41 146 351 $ 2009 Radu Mihaileanu Aleksey Guskov Le Concert
0%
90 34 248 602 $ 1995 Jean-Jacques Annaud Craig Sheffer Les Ailes du courage
0%
Aucun quiz correspondant
Distribution des résultats
% des personnes avec chaque résultat
Percentile par nombre de réponses
Votre historique - résultats
Vous n’avez pas pris ce quiz depuis la dernière actualisation